000 00525nam a2200193 a 4500
001 1768975191635
003 YourLibrary
005 20260121113158.0
008 260121s2002##################000#0#eng##
020 _a9780306472527
082 0 4 _a618.9289
_bMCM
100 1 _aMcMahon, Robert J.,
_eauthor.
245 1 0 _aThe Effects of Parental Dysfunction on Children :
260 _bTaylor & Francis US,
_c2002.
300 _a1 pages
650 0 _aEducation.
942 _cENGLISH
040 _aYourLibrary
_beng
_cYourLibrary
999 _c608835
_d608835